000 00858cam a22002414a 4500
001 14626313
005 20241214111126.0
008 061107s2007 stka 001 0 eng
020 _a9780443103735
020 _a9780443103735
050 0 0 _aQM23.2
_b.J328 2007
082 0 0 _a611
_222
100 1 _aJacob, S.
_q(Sam)
245 1 0 _aHuman anatomy :
_ba clinically-orientated approach : an illustrated colour text /
_cS. Jacob ; dissections by David J. Hinchcliffe ; photography by Mick A. Turton ; illustrated by Amanda Williams.
260 _aEdinburgh ;
_aNew York :
_bChurchill Livingstone/Elsevier,
_c2007.
300 _avii, 235 p. :
_bill. (some col.) ;
_c30 cm.
500 _aIncludes index.
650 0 _aHuman anatomy.
650 0 _aHuman anatomy
_vAtlases.
650 1 2 _aAnatomy
_vAtlases.
650 2 2 _aDissection
_vAtlases.
942 _2lcc
_cBK
_n0
999 _c2204
_d2204